| 000 | 00782cam a2200241 a 4500 | ||
|---|---|---|---|
| 001 | 4909282 | ||
| 003 | NUST - PNEC | ||
| 005 | 20170116180955.0 | ||
| 008 | 940823s1994 inua f 001 0 eng d | ||
| 010 | _a 94068562 | ||
| 020 | _a0789700239 | ||
| 040 | _cLIBRARY | ||
| 082 | 0 | 0 | _a651.7 GIB |
| 100 |
_99260 _aGibbons, Dave. |
||
| 245 | 0 | 0 |
_aUsing E-mail / _cDave Gibbons ... [et al.]. |
| 260 |
_aIndianapolis, IN : _bQue, _cc1994. |
||
| 300 |
_axv, 376 p. : _bill. ; _c24 cm. |
||
| 500 | _aIncludes index. | ||
| 650 | 0 |
_aElectronic mail systems _xHandbooks, manuals, etc. |
|
| 906 |
_a7 _bcbc _ccopycat _d2 _eopcn _f19 _gy-gencatlg |
||
| 942 |
_2ddc _cBK |
||
| 999 |
_c66525 _d66525 |
||